<?xml version="1.0" encoding="UTF-8"?>
<record
    xmlns:xsi="http://www.w3.org/2001/XMLSchema-instance"
    xsi:schemaLocation="http://www.loc.gov/MARC21/slim http://www.loc.gov/standards/marcxml/schema/MARC21slim.xsd"
    xmlns="http://www.loc.gov/MARC21/slim">

  <leader>02843nam a22005057a 4500</leader>
  <datafield tag="999" ind1=" " ind2=" ">
    <subfield code="c">6581</subfield>
    <subfield code="d">6581</subfield>
  </datafield>
  <controlfield tag="003">OSt</controlfield>
  <controlfield tag="005">20260303105539.0</controlfield>
  <controlfield tag="008">190228c        xxut||p| |||| 00| 0 spa d</controlfield>
  <datafield tag="020" ind1=" " ind2=" ">
    <subfield code="a">9789873048555</subfield>
  </datafield>
  <datafield tag="040" ind1=" " ind2=" ">
    <subfield code="c">PJ</subfield>
  </datafield>
  <datafield tag="245" ind1="1" ind2="0">
    <subfield code="a">Revista de derecho privado y comunitario :</subfield>
    <subfield code="b">persona y entorno digital /</subfield>
    <subfield code="c">H&#xE9;ctor Alegr&#xED;a, Jorge Mosset Iturraspe directores.</subfield>
  </datafield>
  <datafield tag="260" ind1=" " ind2=" ">
    <subfield code="a">Santa F&#xE9; :</subfield>
    <subfield code="b">Rubinzal-Culzoni,</subfield>
    <subfield code="c">2024.</subfield>
  </datafield>
  <datafield tag="300" ind1=" " ind2=" ">
    <subfield code="a">856 p.</subfield>
    <subfield code="c">22 cm.</subfield>
  </datafield>
  <datafield tag="310" ind1=" " ind2=" ">
    <subfield code="a">cuatrimestral</subfield>
  </datafield>
  <datafield tag="362" ind1=" " ind2=" ">
    <subfield code="a">No. 1 (2024)</subfield>
  </datafield>
  <datafield tag="505" ind1=" " ind2=" ">
    <subfield code="t">Humanismo y tecnolog&#xED;a /</subfield>
    <subfield code="r"> Edgardo Ignacio Saux.</subfield>
  </datafield>
  <datafield tag="505" ind1=" " ind2=" ">
    <subfield code="t">La protecci&#xF3;n a las mujeres en la era digital. ley Olimpia /</subfield>
    <subfield code="r">Graciela Medina.</subfield>
  </datafield>
  <datafield tag="505" ind1=" " ind2=" ">
    <subfield code="t">La personalidad pret&#xE9;rita. estado de la cuesti&#xF3;n y alcances /</subfield>
    <subfield code="r">Luis F. P. Leiva Fern&#xE1;ndez.</subfield>
  </datafield>
  <datafield tag="505" ind1=" " ind2=" ">
    <subfield code="t">Discapacidad y entornos digitales. su impacto en el derecho a la imagen /</subfield>
    <subfield code="r">Juan Pablo Olmo y Marcela Lorena Sasso.</subfield>
  </datafield>
  <datafield tag="505" ind1=" " ind2=" ">
    <subfield code="t">Adultos mayores y brecha digital. una cuenta pendiente /</subfield>
    <subfield code="r">Ver&#xF3;nica Knavs.</subfield>
  </datafield>
  <datafield tag="505" ind1=" " ind2=" ">
    <subfield code="t">Medidas preventivas ante la violencia digital /</subfield>
    <subfield code="r">Sandra F. Veloso.</subfield>
  </datafield>
  <datafield tag="505" ind1=" " ind2=" ">
    <subfield code="t">Los derechos personal&#xED;simos en entornos digitales. el derecho al honor /</subfield>
    <subfield code="r">Noem&#xED; Lidia Nicolau.</subfield>
  </datafield>
  <datafield tag="505" ind1=" " ind2=" ">
    <subfield code="t">La imagen digital de los menores de edad /</subfield>
    <subfield code="r">Luis Daniel Crovi.</subfield>
  </datafield>
  <datafield tag="505" ind1=" " ind2=" ">
    <subfield code="t">La violencia de g&#xE9;nero contra la mujer en la era digita /</subfield>
    <subfield code="r">Ignacio Gonz&#xE1;lez Maga&#xF1;a.</subfield>
  </datafield>
  <datafield tag="505" ind1=" " ind2=" ">
    <subfield code="t">Realidad digital y herencia - nuevas formas de expresar la voluntad /</subfield>
    <subfield code="r"> Iv&#xE1;n G. Di Chiazza.</subfield>
  </datafield>
  <datafield tag="505" ind1=" " ind2=" ">
    <subfield code="t">El pan&#xF3;ptico digital: &#xBF;es el reconocimiento facial automatizado de las emociones la &#xFA;ltima frontera a nuestra privacidad? /</subfield>
    <subfield code="r"> Mar&#xED;a Celeste Colombo.</subfield>
  </datafield>
  <datafield tag="505" ind1=" " ind2=" ">
    <subfield code="t">Sesgos algor&#xED;tmicos y discriminaci&#xF3;n: necesidad de una regulaci&#xF3;n con perspectiva de derechos humanos /</subfield>
    <subfield code="r">Mar&#xED;a Paula Ponto iero.</subfield>
  </datafield>
  <datafield tag="505" ind1=" " ind2=" ">
    <subfield code="t">Acoso escolar (&#x201C;bullying&#x201D;), entorno digital y responsabilidad de los establecimientos educativos /</subfield>
    <subfield code="r">Horacio Roitman.</subfield>
  </datafield>
  <datafield tag="505" ind1=" " ind2=" ">
    <subfield code="t">Tecnolog&#xED;as digitales, disrupci&#xF3;n e impacto en ni&#xF1;as, ni&#xF1;os y adolescentes /</subfield>
    <subfield code="r">Adriana N. Krasnow.</subfield>
  </datafield>
  <datafield tag="505" ind1=" " ind2=" ">
    <subfield code="t">Obligaciones /</subfield>
    <subfield code="r">Alberto J. Bueres.- Colaborador: Carlos Reyna.</subfield>
  </datafield>
  <datafield tag="505" ind1=" " ind2=" ">
    <subfield code="t">Contratos /</subfield>
    <subfield code="r">Ricardo Luis Lorenzetti y Gonzalo Sozzo.</subfield>
  </datafield>
  <datafield tag="505" ind1=" " ind2=" ">
    <subfield code="t">Derechos reales /</subfield>
    <subfield code="r">Leopoldo L. Peralta Mariscal.</subfield>
  </datafield>
  <datafield tag="505" ind1=" " ind2=" ">
    <subfield code="t">Familias /</subfield>
    <subfield code="r">A&#xED;da Kemelmajer.</subfield>
  </datafield>
  <datafield tag="505" ind1=" " ind2=" ">
    <subfield code="t">Sucesiones /</subfield>
    <subfield code="r"> Graciela Medina.</subfield>
  </datafield>
  <datafield tag="505" ind1=" " ind2=" ">
    <subfield code="t">Concursos /</subfield>
    <subfield code="r">Jos&#xE9; A. Di Tullio.</subfield>
  </datafield>
  <datafield tag="505" ind1=" " ind2=" ">
    <subfield code="t">Seguros /</subfield>
    <subfield code="r">Horacio Roitman.</subfield>
  </datafield>
  <datafield tag="505" ind1=" " ind2=" ">
    <subfield code="t">Sociedades /</subfield>
    <subfield code="r">H&#xE9;ctor Alegria.</subfield>
  </datafield>
  <datafield tag="505" ind1=" " ind2=" ">
    <subfield code="t">Derecho cambiario /</subfield>
    <subfield code="r"> Iv&#xE1;n G. Di Chiazza.</subfield>
  </datafield>
  <datafield tag="505" ind1=" " ind2=" ">
    <subfield code="t">Derechos humanos /</subfield>
    <subfield code="r">Graciela Medina.</subfield>
  </datafield>
  <datafield tag="650" ind1=" " ind2="0">
    <subfield code="9">4023</subfield>
    <subfield code="a">NUEVAS TECNOLOGIAS DE INFORMACION</subfield>
  </datafield>
  <datafield tag="650" ind1=" " ind2="0">
    <subfield code="9">281</subfield>
    <subfield code="a">INTERNET</subfield>
  </datafield>
  <datafield tag="700" ind1=" " ind2=" ">
    <subfield code="9">1076</subfield>
    <subfield code="a">Alegria, H&#xE9;ctor</subfield>
    <subfield code="e">director</subfield>
  </datafield>
  <datafield tag="700" ind1=" " ind2=" ">
    <subfield code="9">528</subfield>
    <subfield code="a">Mosset Iturraspe, Jorge </subfield>
    <subfield code="e">director</subfield>
  </datafield>
  <datafield tag="942" ind1=" " ind2=" ">
    <subfield code="2">udc</subfield>
    <subfield code="c">PP</subfield>
    <subfield code="h">347.1(05)</subfield>
    <subfield code="i">REV</subfield>
  </datafield>
  <datafield tag="952" ind1=" " ind2=" ">
    <subfield code="0">0</subfield>
    <subfield code="1">0</subfield>
    <subfield code="2">udc</subfield>
    <subfield code="4">0</subfield>
    <subfield code="7">0</subfield>
    <subfield code="a">DJS</subfield>
    <subfield code="b">DJS</subfield>
    <subfield code="d">2026-02-27</subfield>
    <subfield code="p">6732</subfield>
    <subfield code="r">2026-02-27</subfield>
    <subfield code="w">2026-02-27</subfield>
    <subfield code="y">PP</subfield>
  </datafield>
</record>
